01627nam a22003851i 4500001001400000003000400014005001700018008004100035015001400076020003800090040002900128041001300157082001600170100005600186245028400242246007200526264005300598300002300651336002100674337002500695338002300720500006300743504003200806546002700838650003600865650003500901650004100936650001900977650003300996700004301029700003601072700004201108700003701150880005401187vtls000966732PNM20250119155102.0220721s2022 my er 000 0 may  aM22-11374 a9789672910121qpaperbackcRM37.00 aBNMbengcBNMdPPAKerda1 amayhara04223a297.3850 aAl-Albani, Muhammad Nasir al-Din,cShaykh,eauthor.106880-01aTALKHIS AHKAM AL-JANA'IZ =bRingkasan Hukum-Hakam Berkaitan JENAZAH /cSHAYKH MUHAMMAD NASIR AL-DIN AL-ALBANI ; Penterjemah: Abu Husna Azzahari bin Murad ; Penyunting: Muhammad Syakir Kamal & Abdullah Izzat Tengku Sidek ; Penyunting Bahasa Melayu: Ahmad Sabri Jinlapudin 33aRingkasan hukum-hakam berkaitan jenazah :bTalkhis ahkam al-jana'iz 1aSerendah, Selangor :bKarya PiS Sdn. Bhd.,c2022 a372 pages ;c22 cm atext2rdacontent aunmediated2rdamedia avolume2rdacarrier aContains verses from the Qur'an and quotes from the Hadith aBibliography: pages 368-372 aTranslated from Arabic10aDeathxReligious aspectsxIslam20aDeadxReligious aspectsxIslam20aIslamic funeral rites and ceremonies20aIslamxRituals20aIslamxCustoms and practices0 aAbu Husna Azzahari bin Murad,eeditor.0 aMuhammad Syakir Kamal,eeditor.0 aAbdullah Izzat Tengku Sidek,eeditor.0 aAhmad Sabri Jinlapudin,eeditor.106245-01/(3/raتلخص احكام الجنائز